Dostavba prieluky, Radlinského ulica, Bratislava
Salvato in:
| Autore principale: | |
|---|---|
| Altri autori: | |
| Natura: | Manoscritto Libro |
| Lingua: | slovacco |
| Pubblicazione: |
Bratislava
2022
|
| Soggetti: | |
| Accesso online: | http://is.stuba.sk/zp/portal_zp.pl?podrobnosti=152601 |
| Tags: |
Nessun Tag, puoi essere il primo ad aggiungerne!!
|
MARC
| LEADER | 00000ntm a22000003a 4500 | ||
|---|---|---|---|
| 001 | stuzp90058 | ||
| 003 | SK-STU | ||
| 005 | 20221025103702.6 | ||
| 007 | ta | ||
| 008 | 150427s2015----xo-----f-mn---000-0-slo-d | ||
| 040 | |a STU |b slo | ||
| 041 | 0 | |a slo | |
| 100 | 1 | |a Darnadiová, Michaela |u 055150 |4 aut |U FAD Fakulta architektúry a dizajnu |T FAD Ústav interiéru a výstavníctva |X 99235 |U A5150 |Y 396 |7 99235 | |
| 242 | 0 | 1 | |a Gap Building, Radlinského Street, Bratislava |y eng |
| 245 | 1 | 0 | |a Dostavba prieluky, Radlinského ulica, Bratislava |
| 260 | |c 2022 |a Bratislava | ||
| 650 | 4 | |a prieluka |2 slo | |
| 650 | 4 | |a študenti |2 slo | |
| 650 | 4 | |a inklúzia |2 slo | |
| 650 | 4 | |a mediatéka |2 slo | |
| 650 | 4 | |a gap |2 eng | |
| 650 | 4 | |a media library |2 eng | |
| 650 | 4 | |a students |2 eng | |
| 650 | 4 | |a inclusion |2 eng | |
| 700 | 1 | |a Daniel, Peter |u 055150 |k Z1 |4 ths |U FAD Fakulta architektúry a dizajnu |T FAD Ústav interiéru a výstavníctva |X 388 |U A5150 |Y 396 |7 A000000388 | |
| 856 | 4 | |u http://is.stuba.sk/zp/portal_zp.pl?podrobnosti=152601 |u https://opac.crzp.sk/?fn=detailBiblioForm&sid=62A48EA6D8C294D55DC8BA542714 | |